[Event "Malakhatko Memorial op"]
[Site "Chess.com INT"]
[Date "2023.06.14"]
[Round "8"]
[White "Lauda, Alexandr"]
[Black "Polivanov, Anatoliy"]
[Result "0-1"]
[WhiteElo "2078"]
[BlackElo "2439"]
[PlyCount "32"]
[EventDate "2023.06.14"]
[EventType "swiss (blitz)"]
[EventRounds "11"]
[EventCountry "USA"]
[SourceTitle "CBM 214 Extra"]
[Source "ChessBase"]
[SourceDate "2023.07.31"]
[SourceVersion "1"]
[SourceVersionDate "2023.07.31"]
[SourceQuality "1"]

1. e4 e6 2. d4 d5 3. e5 c5 4. c3 Nc6 5. Nf3 Bd7 6. Bd3 cxd4 7. cxd4 Qb6 8. 0-0 Nxd4 9. Nxd4 Qxd4 10. Nc3 a6 11. Qe2 Ne7 12. Kh1 Nc6 13. f4 Nb4 14. Rd1 Bc5 15. f5 Nxd3 16. Rxd3 Qg1# 0-1

[Event "Malakhatko Memorial op"]
[Site "Chess.com INT"]
[Date "2023.06.14"]
[Round "5"]
[White "Polivanov, Anatoliy"]
[Black "Datsuk, Taras"]
[Result "1-0"]
[WhiteElo "2439"]
[BlackElo "2087"]
[PlyCount "107"]
[EventDate "2023.06.14"]
[EventType "swiss (blitz)"]
[EventRounds "11"]
[EventCountry "USA"]
[SourceTitle "CBM 214 Extra"]
[Source "ChessBase"]
[SourceDate "2023.07.31"]
[SourceVersion "1"]
[SourceVersionDate "2023.07.31"]
[SourceQuality "1"]

1. e4 c5 2. Nf3 e6 3. d4 cxd4 4. Nxd4 Nf6 5. Nc3 Nc6 6. g3 Bc5 7. Nb3 Bb6 8. Bg2 0-0 9. 0-0 h6 10. Bf4 e5 11. Bd2 a6 12. Nd5 Ba7 13. Kh1 d6 14. f4 Ng4 15. f5 Nf6 16. Bc3 b5 17. a4 bxa4 18. Rxa4 Rb8 19. Na5 Nd4 20. Bxd4 Bxd4 21. Nc6 Qd7 22. c3 Nxd5 23. exd5 Rxb2 24. cxd4 Qb7 25. dxe5 Bxf5 26. Raf4 Rb1 27. Qh5 Bd3 28. e6 Bxf1 29. Bxf1 fxe6 30. Rxf8+ Kxf8 31. Qf3+ Kg8 32. dxe6 Rxf1+ 33. Qxf1 Qxc6+ 34. Kg1 Qe8 35. Qc4 Qe7 36. Qc8+ Kh7 37. Qd7 Qg5 38. e7 Qc5+ 39. Kg2 Qd5+ 40. Kf2 Qd4+ 41. Kf3 Qd5+ 42. Kf4 Qe5+ 43. Kf3 Qd5+ 44. Ke3 Qe5+ 45. Kd3 Qd5+ 46. Kc3 Qc5+ 47. Kb3 Qd5+ 48. Ka4 Qc4+ 49. Ka5 Qc3+ 50. Kb6 Qc5+ 51. Kb7 Qb4+ 52. Kc8 Qc5+ 53. Kd8 Qb6+ 54. Qc7 1-0

[Event "Titled Tuesday intern op 09th Nov"]
[Site "Chess.com INT"]
[Date "2021.11.09"]
[Round "11"]
[White "Dzhumagaliev, Yan"]
[Black "Polivanov, Anatoliy"]
[Result "0-1"]
[WhiteElo "2411"]
[BlackElo "2454"]
[PlyCount "58"]
[EventDate "2021.11.09"]
[EventType "swiss (blitz)"]
[EventRounds "11"]
[EventCountry "USA"]
[SourceTitle "CBM 205 Extra"]
[Source "ChessBase"]
[SourceDate "2022.01.31"]
[SourceVersion "1"]
[SourceVersionDate "2022.01.31"]
[SourceQuality "1"]

1. Nf3 d5 2. h4 Nc6 3. h5 e5 4. d4 e4 5. Ne5 Nxe5 6. dxe5 Bc5 7. Bf4 e3 8. fxe3 Bf5 9. Nd2 Qd7 10. Nb3 Bb6 11. a4 a5 12. Nd4 Be4 13. Rh4 Ne7 14. g4 h6 15. Bh3 g5 16. hxg6 Nxg6 17. Rh5 Qe7 18. c3 0-0-0 19. g5+ Kb8 20. gxh6 Rdg8 21. Bh2 Nh4 22. Qb3 Bg6 23. e6 Bxd4 24. Rxd5 Bxe3 25. Rd7 Nf3+ 26. Kd1 fxe6 27. Bxc7+ Ka8 28. Rxe7 Rd8+ 29. Bxd8 Rxd8+ 0-1

[Event "Titled Tuesday intern op 09th Nov"]
[Site "Chess.com INT"]
[Date "2021.11.09"]
[Round "8"]
[White "Nilsen, Tobias Lang"]
[Black "Polivanov, Anatoliy"]
[Result "0-1"]
[WhiteElo "2248"]
[BlackElo "2454"]
[PlyCount "110"]
[EventDate "2021.11.09"]
[EventType "swiss (blitz)"]
[EventRounds "11"]
[EventCountry "USA"]
[SourceTitle "CBM 205 Extra"]
[Source "ChessBase"]
[SourceDate "2022.01.31"]
[SourceVersion "1"]
[SourceVersionDate "2022.01.31"]
[SourceQuality "1"]

1. e4 e5 2. Nf3 Nc6 3. Bb5 a6 4. Ba4 b5 5. Bb3 g6 6. d4 exd4 7. c3 Bg7 8. cxd4 d6 9. 0-0 Nge7 10. h3 0-0 11. Re1 Na5 12. Bc2 c5 13. d5 Nc4 14. Nc3 Bb7 15. Rb1 Rc8 16. Nd2 Nxd2 17. Bxd2 b4 18. Ne2 a5 19. Bf4 h6 20. Qd2 g5 21. Be3 Ng6 22. Ng3 Be5 23. Nf5 Kh7 24. g3 Qf6 25. f4 gxf4 26. gxf4 Bxb2 27. Rxb2 Qxb2 28. Nxd6 Qxa2 29. Nxb7 b3 30. Bb1 Qxd2 31. Bxd2 c4 32. Bc3 a4 33. f5 Nf4 34. e5 Nd3 35. Re3 a3 36. Re2 a2 37. Bxa2 bxa2 38. Rxa2 Rg8+ 39. Kf1 Ra8 40. Rxa8 Rxa8 41. e6 fxe6 42. fxe6 Nf4 43. d6 Nxe6 44. d7 Ra3 45. Bf6 Rf3+ 46. Kg2 Rxf6 47. d8Q Nxd8 48. Nxd8 c3 49. Nb7 c2 50. Nc5 c1Q 51. Ne4 Qc2+ 52. Kg3 Qxe4 53. h4 Rf3+ 54. Kh2 Qe2+ 55. Kg1 Rf1# 0-1

[Event "Titled Tuesday intern op 09th Nov"]
[Site "Chess.com INT"]
[Date "2021.11.09"]
[Round "10"]
[White "Polivanov, Anatoliy"]
[Black "Ostrovskiy, Andrey"]
[Result "1-0"]
[WhiteElo "2454"]
[BlackElo "2425"]
[PlyCount "59"]
[EventDate "2021.11.09"]
[EventType "swiss (blitz)"]
[EventRounds "11"]
[EventCountry "USA"]
[SourceTitle "CBM 205 Extra"]
[Source "ChessBase"]
[SourceDate "2022.01.31"]
[SourceVersion "1"]
[SourceVersionDate "2022.01.31"]
[SourceQuality "1"]

1. e4 e5 2. Nf3 Nc6 3. d4 exd4 4. Bc4 Nf6 5. e5 d5 6. Bb5 Nd7 7. Bxc6 bxc6 8. Nxd4 Nb8 9. 0-0 Be7 10. Qf3 0-0 11. Nc3 Be6 12. Rd1 Qd7 13. h3 c5 14. Nxe6 fxe6 15. Qg4 Rf5 16. Bh6 Bf8 17. Ne4 Qf7 18. Nf6+ Kh8 19. Rxd5 exd5 20. Qxf5 gxf6 21. e6 Qe7 22. Qxd5 c6 23. Bxf8 Qxf8 24. Qd3 a5 25. Re1 Qe7 26. Rd1 Na6 27. Qc4 Nc7 28. Rd7 Qxe6 29. Qd3 f5 30. Qc3+ 1-0

[Event "Titled Tuesday intern op 09th Nov"]
[Site "Chess.com INT"]
[Date "2021.11.09"]
[Round "2"]
[White "Polivanov, Anatoliy"]
[Black "Slavin, Alexei"]
[Result "1-0"]
[WhiteElo "2454"]
[BlackElo "2364"]
[PlyCount "57"]
[EventDate "2021.11.09"]
[EventType "swiss (blitz)"]
[EventRounds "11"]
[EventCountry "USA"]
[SourceTitle "CBM 205 Extra"]
[Source "ChessBase"]
[SourceDate "2022.01.31"]
[SourceVersion "1"]
[SourceVersionDate "2022.01.31"]
[SourceQuality "1"]

1. e4 Nc6 2. Nf3 d6 3. d4 Nf6 4. Nc3 Bg4 5. d5 Nb8 6. h3 Bxf3 7. Qxf3 g6 8. Be3 Bg7 9. 0-0-0 0-0 10. g4 c6 11. h4 cxd5 12. exd5 Nbd7 13. Bd4 Ne5 14. Bxe5 dxe5 15. h5 e4 16. Qh3 Re8 17. hxg6 hxg6 18. g5 Nh5 19. Be2 Rc8 20. Bxh5 Rxc3 21. bxc3 gxh5 22. g6 Bh6+ 23. Kb1 Qb6+ 24. Ka1 fxg6 25. d6 Kf7 26. d7 Rd8 27. Rd4 Bg7 28. Rxe4 Rxd7 29. Rb1 1-0

[Event "Titled Tuesday intern op 31st Aug"]
[Site "Chess.com INT"]
[Date "2021.08.31"]
[Round "11"]
[White "Polivanov, Anatoliy"]
[Black "Leenhouts, Koen"]
[Result "1/2-1/2"]
[WhiteElo "2454"]
[BlackElo "2414"]
[PlyCount "92"]
[EventDate "2021.08.31"]
[EventType "swiss (blitz)"]
[EventRounds "11"]
[EventCountry "USA"]
[SourceTitle "EXT 2022"]
[Source "ChessBase"]
[SourceDate "2021.10.06"]
[SourceVersion "1"]
[SourceVersionDate "2021.10.06"]
[SourceQuality "1"]

1. d4 d5 2. Bg5 Nd7 3. c4 dxc4 4. e4 Nb6 5. Nc3 h6 6. Bh4 Nf6 7. Nf3 Bg4 8. Be2 e6 9. e5 g5 10. Nxg5 Bxe2 11. Qxe2 hxg5 12. Bxg5 Be7 13. exf6 Bxf6 14. Be3 Bxd4 15. 0-0-0 Bxe3+ 16. Qxe3 Qe7 17. h4 Rd8 18. Rxd8+ Kxd8 19. h5 Nd5 20. Qe5 Qf6 21. Qxf6+ Nxf6 22. h6 Ng4 23. h7 Nf6 24. Rh6 Ke7 25. Nb5 c6 26. Nxa7 Rxh7 27. Nc8+ Kd8 28. Rxh7 Nxh7 29. Nd6 b5 30. Nxf7+ Ke7 31. Ne5 Kd6 32. f4 Kd5 33. g4 Ke4 34. g5 Kxf4 35. g6 Nf6 36. Nxc6 e5 37. Kd2 Kf5 38. g7 Kg6 39. Nxe5+ Kxg7 40. Kc3 Nd5+ 41. Kd4 Nb4 42. a3 Nc2+ 43. Kc5 c3 44. bxc3 Nxa3 45. Nc6 Nb1 46. Kxb5 Nxc3+ 1/2-1/2

[Event "Titled Tuesday intern op 31st Aug"]
[Site "Chess.com INT"]
[Date "2021.08.31"]
[Round "3"]
[White "Sjugirov, Sanan"]
[Black "Polivanov, Anatoliy"]
[Result "1-0"]
[WhiteElo "2661"]
[BlackElo "2454"]
[PlyCount "47"]
[EventDate "2021.08.31"]
[EventType "swiss (blitz)"]
[EventRounds "11"]
[EventCountry "USA"]
[SourceTitle "EXT 2022"]
[Source "ChessBase"]
[SourceDate "2021.10.06"]
[SourceVersion "1"]
[SourceVersionDate "2021.10.06"]
[SourceQuality "1"]

1. e4 c5 2. Nf3 g6 3. d4 cxd4 4. Nxd4 Bg7 5. c4 Nc6 6. Be3 d6 7. Nc3 Qb6 8. Ndb5 Bxc3+ 9. Nxc3 Qxb2 10. Bd2 Kf8 11. Be2 Be6 12. 0-0 Nd4 13. Bd3 Rc8 14. Rb1 Qa3 15. Rxb7 Bxc4 16. Bxc4 Rxc4 17. Nd5 Qxa2 18. Be3 e5 19. f4 Ne2+ 20. Kh1 exf4 21. Nxf4 Nxf4 22. Bxf4 Nf6 23. Qxd6+ Kg7 24. Be5 1-0

[Event "Titled Tuesday intern op 24th Aug"]
[Site "Chess.com INT"]
[Date "2021.08.24"]
[Round "5"]
[White "Polivanov, Anatoliy"]
[Black "Ponikarovsky, Alexey"]
[Result "0-1"]
[WhiteElo "2454"]
[BlackElo "1941"]
[PlyCount "58"]
[EventDate "2021.08.24"]
[EventType "swiss (blitz)"]
[EventRounds "11"]
[EventCountry "USA"]
[SourceTitle "EXT 2022"]
[Source "ChessBase"]
[SourceDate "2021.10.06"]
[SourceVersion "1"]
[SourceVersionDate "2021.10.06"]
[SourceQuality "1"]

1. d4 d5 2. Bg5 Nf6 3. e3 e6 4. Nf3 Bb4+ 5. c3 Be7 6. Nbd2 Ne4 7. Bxe7 Qxe7 8. Nxe4 dxe4 9. Nd2 f5 10. f3 exf3 11. Nxf3 0-0 12. Bd3 b6 13. e4 Bb7 14. Qe2 f4 15. 0-0 Nd7 16. Rae1 c5 17. e5 cxd4 18. cxd4 g6 19. Be4 Rab8 20. Bxb7 Rxb7 21. Qe4 Rc7 22. Rc1 Nb8 23. d5 Rxc1 24. Rxc1 Qb7 25. Nd4 Qxd5 26. Qxd5 exd5 27. e6 Re8 28. Rc7 Na6 29. e7 Nxc7 0-1

[Event "Titled Tuesday intern op 24th Aug"]
[Site "Chess.com INT"]
[Date "2021.08.24"]
[Round "11"]
[White "Yoo, Christopher Woojin"]
[Black "Polivanov, Anatoliy"]
[Result "0-1"]
[WhiteElo "2466"]
[BlackElo "2454"]
[PlyCount "74"]
[EventDate "2021.08.24"]
[EventType "swiss (blitz)"]
[EventRounds "11"]
[EventCountry "USA"]
[SourceTitle "EXT 2022"]
[Source "ChessBase"]
[SourceDate "2021.10.06"]
[SourceVersion "1"]
[SourceVersionDate "2021.10.06"]
[SourceQuality "1"]

1. e4 c5 2. Nf3 g6 3. c3 Bg7 4. d4 cxd4 5. cxd4 d5 6. e5 a6 7. Nc3 Nc6 8. h3 f6 9. Bf4 Nh6 10. Qd2 Nf7 11. exf6 exf6 12. Be2 0-0 13. 0-0 Be6 14. Rfe1 Re8 15. Na4 Nd6 16. Nc5 Ne4 17. Qc2 Nxc5 18. Qxc5 Bf5 19. Bf1 Be4 20. Nd2 f5 21. Nxe4 fxe4 22. Bd6 Nxd4 23. Qxd5+ Kh8 24. Rad1 Nf5 25. Bc5 Qxd5 26. Rxd5 e3 27. fxe3 Bxb2 28. Rb1 Bf6 29. Rxb7 Rac8 30. Bxa6 Nxe3 31. Bxe3 Rxe3 32. Rdd7 Ra3 33. Bd3 Rxa2 34. Rxh7+ Kg8 35. Rhc7 Bd4+ 36. Kh1 Rxc7 37. Rxc7 Ra1+ 0-1

[Event "EU-ch qual Online"]
[Site "Tornelo INT"]
[Date "2020.12.18"]
[Round "7"]
[White "Polivanov, Anatoliy"]
[Black "Starosta, Martyna"]
[Result "1-0"]
[WhiteElo "2452"]
[BlackElo "2094"]
[PlyCount "41"]
[EventDate "2020.12.18"]
[EventType "swiss"]
[EventRounds "11"]
[EventCountry "POL"]
[SourceTitle "CBM 199 Extra"]
[Source "ChessBase"]
[SourceDate "2021.01.31"]
[SourceVersion "1"]
[SourceVersionDate "2021.01.31"]
[SourceQuality "1"]

1. e4 e5 2. Nf3 Nc6 3. Nc3 Nf6 4. Bb5 Nd4 5. 0-0 Nxf3+ 6. Qxf3 Be7 7. Be2 0-0 8. Qg3 d6 9. d3 Kh8 10. f4 exf4 11. Bxf4 c6 12. d4 d5 13. Be5 dxe4 14. Nxe4 Ne8 15. Bd3 f6 16. Qh4 g6 17. Nxf6 Bxf6 18. Bxg6 Qe7 19. Bxe8 Qxe8 20. Rxf6 Kg8 21. Qg5+ 1-0

[Event "UKR-ch op 89th"]
[Site "Kremenchuk"]
[Date "2020.11.26"]
[Round "9"]
[White "Polivanov, Anatoliy"]
[Black "Malyovanyi, Yulian"]
[Result "1-0"]
[WhiteElo "2452"]
[BlackElo "2279"]
[PlyCount "81"]
[EventDate "2020.11.18"]
[EventType "swiss"]
[EventRounds "9"]
[EventCountry "UKR"]
[SourceTitle "CBM 199"]
[Source "ChessBase"]
[SourceDate "2020.12.31"]
[SourceVersion "1"]
[SourceVersionDate "2020.12.31"]
[SourceQuality "1"]

1. e4 c5 2. Nf3 Nc6 3. d4 cxd4 4. Nxd4 g6 5. c4 Bg7 6. Be3 Nf6 7. Nc3 0-0 8. Be2 d6 9. f3 Nxd4 10. Bxd4 Bd7 11. Qd2 Bc6 12. 0-0-0 a6 13. Kb1 Rb8 14. g4 b5 15. h4 e5 16. Be3 b4 17. Nd5 Bxd5 18. cxd5 Nd7 19. h5 Nc5 20. hxg6 fxg6 21. Bxc5 dxc5 22. d6 Kh8 23. d7 Qe7 24. Bc4 Bf6 25. Qd5 Bg5 26. Qc6 Kg7 27. Rd3 Rbd8 28. Rhd1 Rf6 29. Qc7 Qf8 30. Qxe5 Bf4 31. Qd5 Rd6 32. Qb7 R8xd7 33. Qxd7+ Rxd7 34. Rxd7+ Kh6 35. Rh1+ Kg5 36. Rd5+ Kf6 37. Rxh7 a5 38. g5+ Bxg5 39. e5+ Kf5 40. e6+ Kxe6 41. Rd8+ 1-0

[Event "UKR-ch op 89th"]
[Site "Kremenchuk"]
[Date "2020.11.22"]
[Round "5"]
[White "Mosesov, Danylo"]
[Black "Polivanov, Anatoliy"]
[Result "1/2-1/2"]
[WhiteElo "2391"]
[BlackElo "2452"]
[PlyCount "61"]
[EventDate "2020.11.18"]
[EventType "swiss"]
[EventRounds "9"]
[EventCountry "UKR"]
[SourceTitle "CBM 199"]
[Source "ChessBase"]
[SourceDate "2020.12.31"]
[SourceVersion "1"]
[SourceVersionDate "2020.12.31"]
[SourceQuality "1"]

1. d4 d6 2. Nf3 Nf6 3. c4 g6 4. Nc3 Bf5 5. g3 Bg7 6. Bg2 0-0 7. 0-0 Ne4 8. Nh4 Nxc3 9. bxc3 Bc8 10. Rb1 Nc6 11. f4 e6 12. e4 f5 13. e5 Na5 14. Qa4 b6 15. exd6 Bd7 16. Qb4 Rc8 17. c5 cxd6 18. cxb6 Qxb6 19. Qxb6 axb6 20. Rxb6 Nc4 21. Rb7 Bc6 22. Bxc6 Rxc6 23. Nf3 Ra6 24. Rf2 Rfa8 25. a3 d5 26. Rb3 Bf8 27. Re2 Bxa3 28. Bxa3 Rxa3 29. Rxa3 Rxa3 30. Rxe6 Rxc3 31. Kf2 1/2-1/2

[Event "Titled Tuesday intern op 23rd June"]
[Site "Chess.com INT"]
[Date "2020.06.23"]
[Round "7"]
[White "Polivanov, Anatoliy"]
[Black "Gheorghiu, Calin"]
[Result "0-1"]
[WhiteElo "2452"]
[BlackElo "2283"]
[PlyCount "102"]
[EventDate "2020.06.23"]
[EventType "swiss (blitz)"]
[EventRounds "10"]
[EventCountry "USA"]
[SourceTitle "CBM 197 Extra"]
[Source "ChessBase"]
[SourceDate "2020.09.30"]
[SourceVersion "1"]
[SourceVersionDate "2020.09.30"]
[SourceQuality "1"]

1. e4 c5 2. Nf3 d6 3. c3 Nf6 4. h3 Nbd7 5. Bd3 b6 6. Bc2 Bb7 7. d3 Rc8 8. 0-0 g6 9. Re1 Qc7 10. Nbd2 Bg7 11. Nf1 0-0 12. Ng3 e5 13. Bg5 Rfe8 14. Qd2 d5 15. Bh6 Bh8 16. Nh4 c4 17. dxc4 dxe4 18. Nxe4 Nxe4 19. Bxe4 Bxe4 20. Rxe4 Nf6 21. Ree1 Qxc4 22. Nf5 Qe6 23. Nd6 Red8 24. Rad1 Rc6 25. Qg5 Rcxd6 26. Rxd6 Qxd6 27. Rxe5 Nd5 28. Re2 Bf6 29. Qg4 Ne7 30. Bf4 Qd7 31. Qf3 Nf5 32. g3 h5 33. h4 Qd3 34. Qxd3 Rxd3 35. Re8+ Kg7 36. Ra8 Rd7 37. Bb8 a5 38. Ba7 Rb7 39. b4 Bxc3 40. b5 Nd4 41. a4 Ne6 42. Bb8 Bd4 43. Bd6 Bc5 44. Be5+ f6 45. Bc3 Rd7 46. Rc8 Kf7 47. Kf1 Bb4 48. Bxb4 axb4 49. a5 bxa5 50. b6 Rb7 51. Rc6 b3 0-1